00667nam a2200157Ia 4500008004100000100003200041245007800073245011800151260005300269260000900322300001000331650001500341856006100356999001900417952007300436170221s9999 xx 000 0 und d aMuhammad Azuan Anif Ghazali aLiterature Mapping: Critical Factors in IBS Plastic Formwork Application  cMuhammad Azuan Anif Ghazali, Nur Fadhilah Bahardin, Mohd Azian Zaidi, Mohd Nurfaisal Baharuddin, Mohd Reeza Yusof bInternational Review of Management and Marketing c2012 a2 : 2 xMarketing. uhttp://www.econjournals.com/index.php/irmm/issue/view/91 c314039d314039 001040aCLbCLd2017-02-21l0r2017-02-21 00:00:00w2017-02-21yFOJ